Seven decades of innovative banking : history of the Maharashtra State Co-operative Bank, 1911-81 (Record no. 348581)

000 -LEADER
fixed length control field 00497cam a22001337a 4500
008 - FIXED-LENGTH DATA ELEMENTS--GENERAL INFORMATION
fixed length control field 180718b1983 xxu||||| |||| 00| 0 eng d
082 ## - DEWEY DECIMAL CLASSIFICATION NUMBER
Classification number T426x5442 M278
100 ## - MAIN ENTRY--PERSONAL NAME
Personal name Laud, G.M.
245 ## - TITLE STATEMENT
Title Seven decades of innovative banking : history of the Maharashtra State Co-operative Bank, 1911-81
Statement of responsibility, etc. by G.M. Laud
260 ## - PUBLICATION, DISTRIBUTION, ETC.
Place of publication, distribution, etc. Bombay
Name of publisher, distributor, etc. The Maharashtra State Co-op. Bank Ltd.
Date of publication, distribution, etc. 1983
300 ## - PHYSICAL DESCRIPTION
Extent 564p.
650 ## - SUBJECT ADDED ENTRY--TOPICAL TERM
Topical term or geographic name entry element Cooperative banks - India - Maharashtra
700 ## - ADDED ENTRY--PERSONAL NAME
Personal name The Maharashtra State Co-op. Bank Ltd.
Holdings
Withdrawn status Lost status Damaged status Not for loan Permanent Location Current Location Date acquired Full call number Barcode Date last seen Price effective from Koha item type
        Indian Institute of Public Administration Indian Institute of Public Administration 1993-10-26 T426x5442 M278 60316 2018-07-21 2018-07-21 Book

Powered by Koha